LEADER 00729nam a2200181 i 4500 001 000000144512 003 CaOOAMICUS 005 20180521000000.0 008 180521s1817 it u000 u ita u 013 $a119870 026 $aheze **ra unil DoUn (3) 1817 (A) 040 $aSeMil$bita 245 10$aTomo 1. Contenente 130 problemi d'algebra. 300 $a[6], 232 p. ;$c4°. 773 0 $tProblemi d'algebra e di geometria analitica sciolti da Cesare Rovida ... Tomo 1. [-2.].$dMilano : Dai Tipi di Giovanni Bernardoni, 1817.$g1$w()5562 850 $aSeMil 852 $aSeMil$W1$xVenegono$y1$m3W V 43 FA$j97415$B97415$CSeMilBibl$Z2$F105129 $8I 996 $6245$aTomo 1. Contenente 130 problemi d'algebra$9(OLS)http://semarc/title/408635 LEADER 01686nam a2200325 i 4500 001 000000027518 003 CaOOAMICUS 005 20180830125447.0 008 180830s1905 it u000 u ita u 040 $aSeMil$bita 100 1 $aWernz, Franz Xavier .$0(OLS)http://semarc/name/90170 245 10$aIus decretalium ad usum praelectionum in scholis textus canonici sive iuris decretalium /$cauctore Francisco Xav. Wernz. 260 $aRomae :$bTypographia Polyglotta,$c1905. 300 $av. ;$c24 cm. 774 0 $tIus constitutionis eccles. catholicae.$bAltera Editio Emendata et Aucta.$gtomus 2$w()27521 774 0 $tIus Administrationis Eccles. Catholicae.$bAltera Editio Emendata et Aucta.$gtomus 3$w()27522 774 0 $tIus matrimoniale eccles. catholicae.$bAltera Editio Emendata et Aucta.$gtomus 4$w()27524 774 0 $tIudiciis Ecclesiasticis.$gtomus 5$w()27525 774 0 $tIntroductio in ius decretalium.$bAltera Editio Emendata et Aucta.$gTomus1$w()53058 774 0 $tPars prima.$gTomus2$w()216284 774 0 $tPars secunda.$gTomus2$w()216285 774 0 $tPars prima.$gTomus3$w()216286 774 0 $tPars secunda.$gTomus3$w()216287 774 0 $tPars prima.$gTomus4$w()216288 774 0 $tPars secunda.$gTomus4$w()216289 774 0 $tIudiciis in genere et de iudiciis contentiosis.$gTomus5$w()216293 774 0 $tIudiciis Criminalibus.$gTomus5$w()216294 774 0 $tIus Poenale Eccles. Catholicae.$gTomus6$w()216296 996 $6245$aIus decretalium ad usum praelectionum in scholis textus canonici sive iuris decretalium$9(OLS)http://semarc/title/37960 996 $6260$aRomae :$bTypographia Polyglotta$9(OLS)http://semarc/publisher/29872